| 000 | 00984nam a2200229Ia 4500 | ||
|---|---|---|---|
| 003 | IN-BaIIA | ||
| 008 | 211028s9999 xx s 000 0 eng d | ||
| 020 | _a978-1-108-47153-4 (Print) | ||
| 022 | _a1743-9213 (Print) | ||
| 022 | _a1743-9221 (Online) | ||
| 040 | _cIIA Library | ||
| 100 |
_aAsada, A., ed. _940740 |
||
| 245 | 0 |
_aPerseus in Sicily: From Black Hole to Cluster Outskirts _h[eBook] |
|
| 260 |
_aCambridge _bCambridge University Press _c2020 |
||
| 300 | _aOnline resource | ||
| 490 | _aIAU Symposium; no. 342 | ||
| 700 |
_aDe Gouveia Dal Pino, E., ed. _940741 |
||
| 700 |
_aGiroletti, M., ed. _940742 |
||
| 700 |
_aNagai, H., ed. _940743 |
||
| 856 |
_uhttps://www.cambridge.org/core/journals/proceedings-of-the-international-astronomical-union/issue/perseus-in-sicily-from-black-hole-to-cluster-outskirts/110B11CE66114FB5D618B4091979CE8A _yClick Here to Access eBook |
||
| 942 | _cEB | ||
| 999 |
_c22051 _d22051 |
||